MARC

LEADER 00000cam^a2200000uu^4500
001 000493292
005 20250521000000.0
008 030807s2002^^^^^^^^^^^^rd^r^^000^0^spa^d
009 20260310125459.649
022 |a 9688385239 
035 |a FCE 000036667 
035 |a FCE 036712 
037 |a Acervo ITESO - Biblioteca 
041 |a spa 
082 0 4 |a 320.972  |b MEXc 2002 
110 |a México, Secretaría de Educación Pública. Subsecretaría de Educación e Investigación Tecnológicas  |b Secretaría de Desarrollo Social 
245 1 0 |a Así se construye oportunidades :  |b informe 2002. 
264 |a México :  |b SEDESOL : SEP : SSA : SHCP,  |c 2002. 
300 |a 95 p. 
336 |a texto  |b txt  |2 rdacontenido 
337 |a sin mediación  |b n  |2 rdamedio 
338 |a volumen  |b nc  |2 rdasoporte 
649 |a XX 
650 |a Oportunidades 
650 |a Programa gubernamental 
650 |a Alimentación 
650 |a Economía 
650 |a Salud 
650 |a Educación 
650 |a Informe de gobierno 
650 |a Programa social 
650 |a Desarrollo del programa 
650 |a México 
710 |a México, Secretaría de Educación Pública. Subsecretaría de Educación e Investigación Tecnológicas  |b Secretaría de Educación Pública 
710 |a México, Secretaría de Educación Pública. Subsecretaría de Educación e Investigación Tecnológicas  |b Secretaría de Hacienda y Crédito Público 
710 |a México, Secretaría de Educación Pública. Subsecretaría de Educación e Investigación Tecnológicas  |b Secretaría de Salud 
910 |a Fondo Centro de Estudios Educativos 
920 |a Impresos - Libros 
930 |a Fondos Especiales 
905 |a 133 
901 |a ALE036712  |b IT2  |c CEE  |u 20250521 
902 |a https://opac.biblio.iteso.mx/vufind/Record/000493292